Solar gamma, x-, and euv radiation (Record no. 4785)

MARC details
000 -LEADER
fixed length control field 00846nam a2200229Ia 4500
003 - CONTROL NUMBER IDENTIFIER
control field IN-BaIIA
008 - FIXED-LENGTH DATA ELEMENTS--GENERAL INFORMATION
fixed length control field 211028s9999 xx 000 0 eng d
020 ## - INTERNATIONAL STANDARD BOOK NUMBER
International Standard Book Number 90-277-0576-3
040 ## - CATALOGING SOURCE
Transcribing agency IIA Library
080 ## - UNIVERSAL DECIMAL CLASSIFICATION NUMBER
Universal Decimal Classification number 082.2:52
Item number IAU-S68
111 ## - MAIN ENTRY--MEETING NAME
Meeting name or jurisdiction name as entry element International Astronomical Union Symposium
Number of part/section/meeting 68th
Location of meeting Buenos Aires, Argentina
Date of meeting or treaty signing 1974 Jun. 11-14
9 (RLIN) 8509
245 #0 - TITLE STATEMENT
Title Solar gamma, x-, and euv radiation
Remainder of title proceedings of the IAU symposium no. 68, held in Buenos Aires, Argentina, June 11-14, 1974
Statement of responsibility, etc. edited by Sharad R. Kane
260 ## - PUBLICATION, DISTRIBUTION, ETC.
Place of publication, distribution, etc. Dordrecht
Name of publisher, distributor, etc. D. Reidel Publishing
Date of publication, distribution, etc. 1975
300 ## - PHYSICAL DESCRIPTION
Extent xii, 439p.
490 ## - SERIES STATEMENT
Series statement IAU Symposium; no. 68
650 ## - SUBJECT ADDED ENTRY--TOPICAL TERM
Topical term or geographic name entry element Astronomy and Astrophysics Thesaurus
650 ## - SUBJECT ADDED ENTRY--TOPICAL TERM
Topical term or geographic name entry element Gamma rays astronomy
9 (RLIN) 8510
650 ## - SUBJECT ADDED ENTRY--TOPICAL TERM
Topical term or geographic name entry element Solar physics
650 ## - SUBJECT ADDED ENTRY--TOPICAL TERM
Topical term or geographic name entry element X-ray astronomy
9 (RLIN) 7473
700 ## - ADDED ENTRY--PERSONAL NAME
Personal name Kane, Sharad R., ed.
9 (RLIN) 8511
942 ## - ADDED ENTRY ELEMENTS (KOHA)
Koha item type Books
Holdings
Withdrawn status Lost status Damaged status Not for loan Home library Current library Shelving location Date acquired Total Checkouts Full call number Barcode Date last seen Price effective from Koha item type Purchase Price
        IIA Library-Bangalore IIA Library-Bangalore General Stacks 04/11/1975   082.2:52/ IAU-S68 5351 05/11/2021 04/11/1975 Books Free

Powered by Koha